• 首页
  • 本馆介绍
  • 公告通知
  • 最新文献
  • 馆藏检索
  • 电子资源
  • 读者导购
  • 参考咨询
  • 我的图书馆
  • 登录
  • 详细信息显示
  • 放入我的书架
  • 预约/预借图书
  • 作者相关作品
  • 分类相关作品
  • 丛书相关作品
  • 出版社相关作品

书目信息

  • 表格格式
  • 工作单格式
  • 卡片格式
题名:
作男
    
 
作者: 文武斌 著
分册:  
出版信息: 北京   光明日报出版社  2002
页数: 11,406页
开本: 20cm
丛书名:
单 册:
中图分类: I253.7 , I25
科图分类:
主题词: 报告文学--中国--现代--选集 , 报告文学
电子资源:
ISBN: 7-80145-558-4
000 00756nam0 2200241 450
001 1532477081
005 20150122090149.43
010    @a7-80145-558-4@dCNY23.00
100    @a20020826d2002 em y0chiy0110 ea
101 0  @achi
102    @aCN@b110000
105    @ay z 000zd
200 1  @a作男@9zuo nan@e告诉你一个个真实的故事@e真实、纪实、神秘@f文华著
210    @a北京@c光明日报出版社@d2002
215    @a11,406页@d20cm
330    @a本书内容有:燃烧的欲火毁灭情爱、起作用的只有金钱和女人、我期待着心与心的重逢、记忆中仍然还有你的肩膀等。
606 0  @a报告文学@y中国@z现代@j选集
606 0  @a报告文学
690    @aI253.7@v5
690    @aI25@v4
701  0 @a文武斌@9wen hua@f(1942.6~)@4著
801  0 @aCN@bTSSF@c20150122
905    @aZUCC@dI25@eJY261
    
    作男:告诉你一个个真实的故事:真实、纪实、神秘/文华著.-北京:光明日报出版社,2002
    11,406页;20cm
    
    
    ISBN 7-80145-558-4:CNY23.00
    本书内容有:燃烧的欲火毁灭情爱、起作用的只有金钱和女人、我期待着心与心的重逢、记忆中仍然还有你的肩膀等。
●
相关链接 在E读中查询图书 在五车中查询图书 在当当中查询图书 在豆瓣中查询图书


正题名:作男     索取号:I25/JY261         预约/预借

序号 登录号 条形码 馆藏地/架位号 状态 备注
1 7855774   278557740   学院路分馆/ [索取号:I25/JY261] 在馆    
唐山师范学院图书馆 欢迎您!
大连网信软件有限公司© 版权所有